REBEL TALENT : (Record no. 175872)

MARC details
000 -LEADER
fixed length control field 01784nam a22003131i 4500
003 - CONTROL NUMBER IDENTIFIER
control field OSt
005 - DATE AND TIME OF LATEST TRANSACTION
control field 20200106165409.0
008 - FIXED-LENGTH DATA ELEMENTS--GENERAL INFORMATION
fixed length control field 200106t20182018nyu |||gr|||| 000 0 eng d
020 ## - INTERNATIONAL STANDARD BOOK NUMBER
International Standard Book Number 9780062694638
Terms of availability RM 89.90
Qualifying information hardback
040 ## - CATALOGING SOURCE
Original cataloging agency PPAK
Language of cataloging eng
Transcribing agency PPAK
Description conventions rda
082 04 - DEWEY DECIMAL CLASSIFICATION NUMBER
Edition number 23
Classification number 650.1
090 00 - LOCALLY ASSIGNED LC-TYPE CALL NUMBER (OCLC); LOCAL CALL NUMBER (RLIN)
Classification number (OCLC) (R) ; Classification number, CALL (RLIN) (NR) 650.1
Feature heading GIN
Feature heading G
100 1# - MAIN ENTRY--PERSONAL NAME
Personal name Gino, Francesca
Relator term author.
245 10 - TITLE STATEMENT
Title REBEL TALENT :
Remainder of title Why It Pays to BREAK THE RULES at Work and in Life /
Statement of responsibility, etc. FRANCESCA GINO
250 ## - EDITION STATEMENT
Edition statement First edition.
264 #1 - PRODUCTION, PUBLICATION, DISTRIBUTION, MANUFACTURE, AND COPYRIGHT NOTICE
Place of production, publication, distribution, manufacture New York, NY :
Name of producer, publisher, distributor, manufacturer Dey Street Books, an imprint of William Morrow ;
Date of production, publication, distribution, manufacture, or copyright notice 2018
Date of production, publication, distribution, manufacture, or copyright notice ©2018.
300 ## - PHYSICAL DESCRIPTION
Extent xvii, 283 pages ;
Dimensions 24 cm
336 ## - CONTENT TYPE
Source rdacontent
Content type term text
337 ## - MEDIA TYPE
Source rdamedia
Media type term unmediated
338 ## - CARRIER TYPE
Source rdacarrier
Carrier type term volume
500 ## - GENERAL NOTE
General note "Busy hands = happy brain!" -- Cover.
504 ## - BIBLIOGRAPHY, ETC. NOTE
Bibliography, etc. note Includes bibliographical references (pages 231-269) and index.
505 ## - FORMATTED CONTENTS NOTE
Formatted contents note <br/>Introduction: Marcia! -- Napoleon and the hoodie : the paradox of rebel status -- The dog named "Hot" : a talent for novelty -- The vanishing elephant : a talent for curiosity -- The Hudson River is a runway : a talent for perspective -- Uncomfortable truths : a talent for diversity -- Coach Cheeks sings the national anthem : a talent for authenticity -- The secret of story : the transformative power of engagement -- Becoming a rebel leader : Blackbeard, "flatness," and the 8 principles of rebel leadership -- Conclusion: Risotto cacio e pepe -- Epilogue: Rebel action.
520 ## - SUMMARY, ETC.
Summary, etc. A behavioral scientist explores why "rebels" with unconventional outlooks who break the rules find the greatest success, discussing how they drive innovation and reinvention by defying the status quo.
650 10 - SUBJECT ADDED ENTRY--TOPICAL TERM
Topical term or geographic name entry element Creative ability in business.
Topical term or geographic name entry element Success in business.
942 ## - ADDED ENTRY ELEMENTS (KOHA)
Source of classification or shelving scheme Dewey Decimal Classification
Koha item type Book
Holdings
Withdrawn Not for loan Current library Shelving location Date acquired Total Checkouts Total Renewals Full call number Barcode Date last seen Date last checked out Koha item type
    Perpustakaan Alor Setar Pinjaman Dewasa 10/02/2020 2 1 650.1 GIN A01632173 10/09/2024 24/07/2024 Book